Bairros de Niterói - Statistics

Estatísticas Gerais
  • Esse quiz foi jogado 81 vezes
    80 desde o último reset
  • A pontuação média é 26 de 52
Estatísticas das Respostas
Bairro % Correto
Centro
95%
Icaraí
95%
Itacoatiara
85%
São Francisco
85%
Camboinhas
83%
Charitas
83%
Itaipu
83%
Piratininga
83%
Barreto
80%
Fonseca
80%
Santa Rosa
80%
Ingá
78%
Jurujuba
76%
Tenente Jardim
71%
Gragoatá
66%
Boa Viagem
59%
Largo da Batalha
59%
Badu
56%
Maria Paula
54%
Caramujo
51%
Morro do Estado
51%
Ponta d'Areia
51%
São Domingos
51%
Viradouro
49%
Cafubá
46%
Maceió
46%
Fátima
44%
Ilha da Conceição
44%
Várzea das Moças
44%
Cubango
41%
Pé Pequeno
41%
Vital Brazil
39%
Baldeador
37%
Cantagalo
37%
Engenhoca
37%
Jacaré
37%
Santa Bárbara
37%
Engenho do Mato
34%
São Lourenço
34%
Maravista
32%
Sapê
32%
Rio do Ouro
29%
Ititioca
27%
Cachoeiras
22%
Jardim Imbuí
22%
Matapaca
22%
Muriqui
22%
Santana
20%
Santo Antônio
17%
Serra Grande
17%
Viçoso Jardim
17%
Vila Progresso
17%
Nenhum quiz correspondente encontrado
Distribuição das Pontuações
Porcentagem de Pessoas com Cada Pontuação
Percentil de Números Respondidos
Sua Pontuação Histórica
Você não jogou esse quiz desde o último reset